| 000 | 00976nam a2200217 a 4500 | ||
|---|---|---|---|
| 008 | 150605s2010 ||||||||||||||||| || u | ||
| 020 | _a9780300149227 | ||
| 050 | _aQL 459 Bru | ||
| 100 | _aCraig, Catherine L | ||
| 245 | 1 | 0 |
_aSpider silk: evolution and 400 million years of spinning, waiting, snagging, and mating _cby Leslie Brunetta and Catherine L. Craig |
| 260 |
_aLondon: _bYale University Press _c2010 |
||
| 300 | _axvi, 229p.: ill. | ||
| 350 | _a36.49 | ||
| 650 | _aSPIDERS--ANATOMY | ||
| 650 | _aSPIDERS, FOSSIL | ||
| 650 | _aSPIDERS--EVOLUTION | ||
| 650 | _aSPIDER WEBS | ||
| 700 | _aBrunetta, Leslie | ||
| 995 |
_aMAIN LIBRARY OPEN ACCESS _e745574 _FCBU-MAIN LIBRARY (Kitwe) _I36.49 _jQL 459 Bru _M1 _UAVAILABLE _WAug 20, 2015 _y745574 _ZMain Library Open Access Collection |
||
| 995 |
_aMICHAEL CHILUFYA SATA OPEN ACCESS _e903157 _FCBU-SCHOOL OF MEDICINE LIBRARY (Ndola) _I36.49 _jQL 459 Bru _M2 _UAVAILABLE _WAug 20, 2015 _y903157 _ZMedical Library Open Access Collection |
||
| 999 |
_c76708 _d76708 |
||